[Event "CRO-ch U15 Girls"]
[Site "Trogir"]
[Date "2023.06.25"]
[Round "8"]
[White "Hajdinic, Ema"]
[Black "Zovko, Josipa"]
[Result "1/2-1/2"]
[WhiteElo "1793"]
[BlackElo "1416"]
[PlyCount "33"]
[EventDate "2023.06.21"]
[EventType "swiss"]
[EventRounds "9"]
[EventCountry "CRO"]
[SourceTitle "EXT 2024"]
[Source "ChessBase"]
[SourceDate "2023.10.10"]
[SourceVersion "1"]
[SourceVersionDate "2023.10.10"]
[SourceQuality "1"]

1. e4 e5 2. Nf3 Nc6 3. Nc3 Nf6 4. d4 exd4 5. Nxd4 Bb4 6. Nxc6 bxc6 7. Bd3 d5 8. exd5 cxd5 9. 0-0 0-0 10. Bg5 Bxc3 11. bxc3 h6 12. Bh4 c6 13. Qf3 Be6 14. Bxf6 Qxf6 15. Qxf6 gxf6 16. Rab1 Rab8 17. Rb3 1/2-1/2

[Event "CRO-ch U15 Girls"]
[Site "Trogir"]
[Date "2023.06.25"]
[Round "7"]
[White "Zovko, Josipa"]
[Black "Dundovic, Mia1"]
[Result "1/2-1/2"]
[WhiteElo "1416"]
[BlackElo "1314"]
[PlyCount "108"]
[EventDate "2023.06.21"]
[EventType "swiss"]
[EventRounds "9"]
[EventCountry "CRO"]
[SourceTitle "EXT 2024"]
[Source "ChessBase"]
[SourceDate "2023.10.10"]
[SourceVersion "1"]
[SourceVersionDate "2023.10.10"]
[SourceQuality "1"]

1. d4 d5 2. Nc3 Nf6 3. Bg5 e6 4. e4 Be7 5. e5 Ne4 6. Bxe7 Qxe7 7. Nxe4 dxe4 8. Qe2 Bd7 9. 0-0-0 Bc6 10. Qg4 0-0 11. Nh3 h6 12. Nf4 Qg5 13. Qxg5 hxg5 14. Nh3 f6 15. Be2 e3 16. f3 g4 17. Nf4 gxf3 18. gxf3 Na6 19. Ng6 Rf7 20. exf6 gxf6 21. Rdg1 Kh7 22. Rg3 Rg7 23. Rhg1 Nb4 24. Nf8+ Rxf8 25. Rxg7+ Kh8 26. R7g4 Rf7 27. Rh4+ Rh7 28. Rxh7+ Kxh7 29. a3 Nd5 30. Bd3+ f5 31. Kd1 Nf4 32. Be2 a5 33. Rg3 Bd5 34. c4 Bc6 35. b4 axb4 36. axb4 Ba4+ 37. Ke1 Bc2 38. b5 b6 39. h4 Bb3 40. Rg5 Nxe2 41. Kxe2 Bxc4+ 42. Kxe3 Bxb5 43. Kf4 Bc4 44. Rg1 Bd5 45. Rc1 c6 46. Rb1 b5 47. Rb4 Kh6 48. Kg3 Kh5 49. Rb2 Bc4 50. Kf4 Bd5 51. Rb1 Kh6 52. Rb2 Kh5 53. Rg2 Bc4 54. Rb2 Bd5 1/2-1/2

[Event "CRO-ch U15 Girls"]
[Site "Trogir"]
[Date "2022.06.22"]
[Round "2"]
[White "Friscic, Laura"]
[Black "Zovko, Josipa"]
[Result "0-1"]
[WhiteElo "1106"]
[BlackElo "1419"]
[PlyCount "86"]
[EventDate "2022.06.22"]
[EventType "swiss"]
[EventRounds "9"]
[EventCountry "CRO"]
[SourceTitle "CBM 209 Extra"]
[Source "ChessBase"]
[SourceDate "2022.09.30"]
[SourceVersion "1"]
[SourceVersionDate "2022.09.30"]
[SourceQuality "1"]

1. c4 e6 2. e4 d5 3. exd5 exd5 4. d4 c6 5. Nc3 Bb4 6. Bd2 Nf6 7. Nf3 0-0 8. Be2 dxc4 9. Bxc4 Re8+ 10. Ne2 Bxd2+ 11. Qxd2 Bg4 12. Ne5 Be6 13. Qb4 Qe7 14. Qb3 Bxc4 15. Qxc4 Nd5 16. a3 Kf8 17. g3 f6 18. Nf3 Qe4 19. Kd2 Qxf3 20. Rhf1 Nd7 21. Rae1 N7b6 22. Qc2 Qe4 23. Qc5+ Qe7 24. Qc2 Kg8 25. Nc3 Qf7 26. Qb3 Nxc3 27. Qxf7+ Kxf7 28. bxc3 Nc4+ 29. Kd3 Nxa3 30. c4 b5 31. cxb5 cxb5 32. Ra1 b4 33. Ra2 a5 34. Rc1 Rec8 35. Re1 Rab8 36. Kd2 Nc4+ 37. Kd3 b3 38. Rae2 Rc7 39. Rc1 b2 40. Rb1 a4 41. Rc2 a3 42. Rxc4 Rxc4 43. Kxc4 a2 0-1

[Event "World Cup U14 Girls Prel"]
[Site "Tornelo INT"]
[Date "2021.08.11"]
[Round "6"]
[White "Baldiviezo Plata, Ariadne"]
[Black "Zovko, Josipa"]
[Result "0-1"]
[WhiteElo "1176"]
[BlackElo "1355"]
[PlyCount "136"]
[EventDate "2021.08.11"]
[EventType "swiss (rapid)"]
[EventRounds "10"]
[EventCountry "NET"]
[SourceTitle "EXT 2025"]
[Source "ChessBase"]
[SourceDate "2024.10.14"]
[SourceVersion "1"]
[SourceVersionDate "2024.10.14"]
[SourceQuality "1"]

1. e4 e5 2. Nf3 Nf6 3. Nxe5 d6 4. Nf3 Nxe4 5. Nc3 Nf6 6. d3 d5 7. d4 c6 8. Bd3 Bd6 9. 0-0 0-0 10. Bg5 Bg4 11. Be2 Nbd7 12. Re1 Re8 13. Qd2 Qc7 14. h3 Bh5 15. Bxf6 Nxf6 16. Qd3 Bg6 17. Qd1 Ne4 18. Nxe4 Bxe4 19. Bd3 Bxd3 20. Qxd3 Re7 21. Rxe7 Qxe7 22. Re1 Qd7 23. Ne5 Qc7 24. Qf5 Re8 25. Nd3 Rxe1+ 26. Nxe1 g6 27. Qg4 Qa5 28. c3 Qxa2 29. Qc8+ Kg7 30. Qxb7 Qb1 31. Kf1 Bf4 32. Qxa7 Qxb2 33. Qc5 Qb5+ 34. Qxb5 cxb5 35. Nd3 Bd2 36. Nb4 Bxc3 37. Nxd5 Bxd4 38. Ke2 Kh6 39. f3 Kg5 40. Kd3 Be5 41. Ke4 Bd6 42. Kd3 Kh4 43. Ne3 Kg3 44. Kc3 Kf2 45. Ng4+ Kxg2 46. Ne3+ Kxf3 47. Nd5 f5 48. Kd4 Kg3 49. Ke3 f4+ 50. Ke2 b4 51. Kd3 f3 52. Ke3 b3 53. Kd3 f2 54. Ne3 b2 55. Kc2 Kf3 56. Nf1 Ke2 57. Kxb2 Kxf1 58. Kc2 Kg2 59. h4 f1Q 60. h5 Qe2+ 61. Kc3 Qxh5 62. Kd4 Qe5+ 63. Kc4 Qc5+ 64. Kb3 Kf3 65. Ka2 Ke3 66. Kb3 Kd3 67. Ka2 Kc2 68. Ka1 Qa3# 0-1

[Event "World Cup U14 Girls Prel"]
[Site "Tornelo INT"]
[Date "2021.08.11"]
[Round "4"]
[White "Poliato, Irina"]
[Black "Zovko, Josipa"]
[Result "1-0"]
[WhiteElo "1711"]
[BlackElo "1355"]
[PlyCount "103"]
[EventDate "2021.08.11"]
[EventType "swiss (rapid)"]
[EventRounds "10"]
[EventCountry "NET"]
[SourceTitle "EXT 2025"]
[Source "ChessBase"]
[SourceDate "2024.10.14"]
[SourceVersion "1"]
[SourceVersionDate "2024.10.14"]
[SourceQuality "1"]

1. d4 d5 2. Nf3 c5 3. c3 cxd4 4. cxd4 Nf6 5. Nc3 e6 6. e3 Nc6 7. Bb5 Bd7 8. 0-0 Bd6 9. Bd2 0-0 10. Qe2 a6 11. Bxc6 Bxc6 12. Rfc1 Ne4 13. Ne5 Bxe5 14. dxe5 Nxc3 15. Bxc3 Qg5 16. f4 Qg6 17. Bb4 Rfd8 18. Bd6 Qe4 19. Qd2 Rac8 20. Rc3 Bb5 21. Rac1 Rc6 22. Rxc6 Bxc6 23. Qd4 Qxd4 24. exd4 Rc8 25. g4 Bd7 26. Rxc8+ Bxc8 27. Be7 Bd7 28. Kf2 h6 29. Ke3 Kh7 30. b3 Kg6 31. a4 a5 32. Bd8 h5 33. h3 b5 34. axb5 Bxb5 35. Bxa5 hxg4 36. hxg4 f6 37. Bd8 fxe5 38. dxe5 Bc6 39. Kd4 Kf7 40. Kc5 Ba8 41. b4 g6 42. Kd6 Bb7 43. b5 Ba8 44. Bb6 Bb7 45. Kc7 Ba8 46. Kb8 g5 47. Kxa8 gxf4 48. Bd4 f3 49. b6 f2 50. Bxf2 Ke7 51. b7 d4 52. b8Q 1-0

[Event "World Cup U14 Girls Prel"]
[Site "Tornelo INT"]
[Date "2021.08.11"]
[Round "9"]
[White "Zovko, Josipa"]
[Black "Da Cunha, Gabriela Goes"]
[Result "1-0"]
[WhiteElo "1355"]
[BlackElo "1564"]
[PlyCount "103"]
[EventDate "2021.08.11"]
[EventType "swiss (rapid)"]
[EventRounds "10"]
[EventCountry "NET"]
[SourceTitle "EXT 2025"]
[Source "ChessBase"]
[SourceDate "2024.10.14"]
[SourceVersion "1"]
[SourceVersionDate "2024.10.14"]
[SourceQuality "1"]

1. e4 c6 2. d4 d5 3. Nd2 dxe4 4. Nxe4 Nf6 5. Nxf6+ gxf6 6. c3 Bf5 7. Nf3 e6 8. g3 Bg6 9. Bg2 Bg7 10. 0-0 0-0 11. a4 a5 12. Be3 Nd7 13. Qd2 Nb6 14. Qe2 Nd5 15. Bd2 Qb6 16. c4 Nb4 17. c5 Qc7 18. Bxb4 axb4 19. Qc4 Qa5 20. Nh4 Rfd8 21. f4 f5 22. Nf3 b5 23. axb5 Qxa1 24. Rxa1 Rxa1+ 25. Kf2 cxb5 26. Qxb4 Rd1 27. c6 Bxd4+ 28. Ke2 Bb6 29. Qxb5 Bh5 30. Qxb6 R8d2+ 31. Ke3 Rd3+ 32. Kf2 Bxf3 33. Bxf3 R1d2+ 34. Be2 Rd6 35. Qb8+ Kg7 36. c7 Rc6 37. c8Q Rxc8 38. Qxc8 Rd6 39. Qc3+ f6 40. b4 Kg6 41. b5 e5 42. fxe5 fxe5 43. Qxe5 Rf6 44. Qxf6+ Kxf6 45. b6 Kg6 46. b7 f4 47. b8Q fxg3+ 48. hxg3 Kh6 49. Ke3 Kg6 50. Qf4 Kg7 51. Bh5 Kh8 52. Qf8# 1-0

[Event "EU-ch Online U12 Girls"]
[Site "Tornelo INT"]
[Date "2020.09.19"]
[Round "4"]
[White "Zavivaeva, Evelina"]
[Black "Zovko, Josipa"]
[Result "1-0"]
[WhiteElo "1527"]
[BlackElo "1268"]
[PlyCount "39"]
[EventDate "2020.09.18"]
[EventType "swiss (rapid)"]
[EventRounds "9"]
[EventCountry "ENG"]
[SourceTitle "EXT 2023"]
[Source "ChessBase"]
[SourceDate "2022.10.05"]
[SourceVersion "1"]
[SourceVersionDate "2022.10.05"]
[SourceQuality "1"]
[WhiteTeam "Russia"]
[BlackTeam "Croatia"]
[WhiteTeamCountry "RUS"]
[BlackTeamCountry "CRO"]

1. e4 e6 2. d4 d5 3. exd5 exd5 4. Bd3 Nc6 5. Nf3 Bd6 6. 0-0 Nge7 7. Bg5 f6 8. Bh4 Bg4 9. c3 Qd7 10. Nbd2 0-0-0 11. b4 g5 12. Bg3 Bxg3 13. fxg3 Bh5 14. b5 Na5 15. Nb3 Nc4 16. Nc5 Qd6 17. Bxc4 dxc4 18. Qa4 b6 19. Qa6+ Kb8 20. Qb7# 1-0

[Event "CRO-ch U13 Girls"]
[Site "Trogir"]
[Date "2020.08.27"]
[Round "6"]
[White "Zovko, Josipa"]
[Black "Buchwald, Svea"]
[Result "1/2-1/2"]
[WhiteElo "1358"]
[BlackElo "1666"]
[PlyCount "117"]
[EventDate "2020.08.24"]
[EventType "tourn"]
[EventRounds "9"]
[EventCountry "CRO"]
[SourceTitle "CBM 198 Extra"]
[Source "ChessBase"]
[SourceDate "2020.11.30"]
[SourceVersion "1"]
[SourceVersionDate "2020.11.30"]
[SourceQuality "1"]

1. e4 e5 2. Nf3 Nc6 3. Bb5 Bc5 4. c3 Nge7 5. d4 exd4 6. cxd4 Bb4+ 7. Nc3 0-0 8. 0-0 a6 9. Ba4 b5 10. Bb3 d6 11. h3 Bb7 12. Bg5 Bxc3 13. bxc3 h6 14. Bh4 Qd7 15. Bg3 Ng6 16. Nh4 Nxh4 17. Bxh4 Rfe8 18. Re1 Na5 19. Bc2 Nc4 20. f3 f6 21. Bb3 d5 22. Bxc4 dxc4 23. d5 Qd6 24. Qd2 c6 25. Rad1 cxd5 26. exd5 Rxe1+ 27. Bxe1 Rd8 28. Qc2 Qc5+ 29. Bf2 Qa3 30. Qf5 Qxc3 31. Qe6+ Kh8 32. d6 Qe5 33. Qxe5 fxe5 34. Bb6 Rd7 35. Bc5 e4 36. Re1 exf3 37. Re7 Rxe7 38. dxe7 Bc6 39. gxf3 Kg8 40. Kf2 Kf7 41. f4 g5 42. fxg5 hxg5 43. Kg3 Bd7 44. h4 gxh4+ 45. Kxh4 c3 46. Kg3 c2 47. Be3 Kxe7 48. Kf2 Kd6 49. Ke2 Kd5 50. Kd2 Bf5 51. Kc3 a5 52. a3 Kc6 53. Kb3 Bg6 54. Kc3 Kb7 55. Kd4 Ka6 56. Kc3 b4+ 57. axb4 axb4+ 58. Kxb4 c1Q 59. Bxc1 1/2-1/2

[Event "CRO-ch U11 Girls"]
[Site "Trogir"]
[Date "2019.06.19"]
[Round "5"]
[White "Karlusic, Sara"]
[Black "Zovko, Josipa"]
[Result "1-0"]
[WhiteElo "1635"]
[BlackElo "1791"]
[PlyCount "89"]
[EventDate "2019.06.17"]
[EventType "swiss"]
[EventRounds "9"]
[EventCountry "CRO"]
[SourceTitle "EXT 2020"]
[Source "ChessBase"]
[SourceDate "2019.10.17"]
[SourceVersion "1"]
[SourceVersionDate "2019.10.17"]
[SourceQuality "1"]

1. e4 e5 2. Nf3 Nf6 3. Nc3 Bb4 4. d3 d6 5. Bg5 Nbd7 6. Be2 0-0 7. 0-0 Bxc3 8. bxc3 Re8 9. Nh4 h6 10. Be3 Nxe4 11. dxe4 Qxh4 12. f4 Nf6 13. Qd3 Bg4 14. Bxg4 Nxg4 15. h3 Nxe3 16. Qxe3 Re6 17. f5 Rf6 18. Qe2 Rd8 19. Kh2 d5 20. Rad1 Rfd6 21. exd5 Rxd5 22. Rxd5 Rxd5 23. Qf3 e4 24. Qe3 Ra5 25. Rf4 Qg5 26. Qxe4 Rxa2 27. f6 Rxc2 28. Rg4 Rxg2+ 29. Rxg2 Qxf6 30. Rd2 c6 31. Rd7 Qf2+ 32. Qg2 Qf4+ 33. Qg3 Qxg3+ 34. Kxg3 a5 35. Rxb7 a4 36. Ra7 a3 37. Rxa3 f5 38. Kf4 g6 39. Ra7 c5 40. h4 g5+ 41. hxg5 h5 42. Kxf5 h4 43. Kg4 h3 44. Kxh3 c4 45. Kg4 1-0